Co-ordinated Project Information : a common arrangement for conservation works (Record no. 37376)

MARC details
000 -LEADER
fixed length control field 01150cab a2200253 4500
001 - CONTROL NUMBER
control field ABS52099
008 - FIXED-LENGTH DATA ELEMENTS--GENERAL INFORMATION
fixed length control field 090401t1994 xxu||||| |||| 00| 0 eng d
035 ## - SYSTEM CONTROL NUMBER
System control number (Sirsi) u60560
041 ## - LANGUAGE CODE
Language code of text/sound track or separate title eng
100 ## - MAIN ENTRY--PERSONAL NAME
Personal name Clayton, M.
245 ## - TITLE STATEMENT
Title Co-ordinated Project Information : a common arrangement for conservation works
260 ## - PUBLICATION, DISTRIBUTION, ETC.
Date of publication, distribution, etc. 1994
350 ## - PRICE (NR) (BK AM CF MU VM SE) [OBSOLETE]
Price 0
490 ## - SERIES STATEMENT
Series statement Building Conservation Newsletter
Volume/sequential designation (11) Winter 1994, 19-20(2)
520 ## - SUMMARY, ETC.
Summary, etc. Discusses how Co-ordinated Project Information (CPI) can be used when undertaking conservation work and reviews the proposed draft development strategy "A common arrangement for building conservation works" which is aimed at improving the quality and standards of project information produced by building professionals when describing and detailing conservation works. Outlines the section on demolition, alteration and renovation.
650 ## - SUBJECT ADDED ENTRY--TOPICAL TERM
Topical term or geographic name entry element COMMON ARRANGEMENT OF WORK SECTIONS
650 ## - SUBJECT ADDED ENTRY--TOPICAL TERM
Topical term or geographic name entry element CO-ORDINATED PROJECT INFORMATION
650 ## - SUBJECT ADDED ENTRY--TOPICAL TERM
Topical term or geographic name entry element COMMON ARRANGEMENT
650 ## - SUBJECT ADDED ENTRY--TOPICAL TERM
Topical term or geographic name entry element DEVELOPMENT STRATEGY
650 ## - SUBJECT ADDED ENTRY--TOPICAL TERM
Topical term or geographic name entry element PROJECT INFORMATION
690 ## - LOCAL SUBJECT ADDED ENTRY--TOPICAL TERM (OCLC, RLIN)
Topical term or geographic name as entry element CONSERVATION
942 ## - ADDED ENTRY ELEMENTS (KOHA)
Suppress in OPAC 0
948 ## - LOCAL PROCESSING INFORMATION (OCLC); SERIES PART DESIGNATOR (RLIN)
c (OCLC) 04/03/1997
Holdings
Withdrawn status Lost status Source of classification or shelving scheme Damaged status Not for loan Home library Current library Shelving location Date acquired Total Checkouts Full call number Barcode Date last seen Copy number Price effective from Koha item type
    Dewey Decimal Classification     London London Journal article 14/09/1999   ABS52099 60560-1001 06/08/2019 1 06/08/2019 Journal article